000 01400nam a2200397 i 4500
001 bg
003 BPK
005 20230223103133.0
008 980715s1996 pl a f f |000 0 pol
015 _aPB 1997/5164
020 _a8386272422
020 _a8386272414
040 _aWA N
_cBPK
080 _a691
080 _a666.9
080 _a(075.8)
100 1 _aSzymański, Edward
_d(1928- )
_eAutor
245 1 0 _aMateriały budowlane z technologią betonu.
_nCz. 1 /
_cEdward Szymański, Jerzy Kołakowski.
250 _aWyd. 4 uaktual. we fragm. od nowa oprac.
260 _aBiałystok :
_bWydawnictwa PB,
_c1996.
300 _a321 s., [2] k. tabl. złoż. :
_brys., wykr. ;
_c23 cm.
336 _2rdacontent
_aTekst
_btxt
337 _2rdamedia
_aBez urządzenia pośredniczącego
_bn
338 _2rdacarrier
_aWolumin
_bnc
490 1 _aSkrypty / Politechnika Białostocka.
504 _aBibliogr. przy rozdz.
650 4 _aBeton
650 4 _aMateriały budowlane
655 4 _aPodręczniki akademickie
658 _aArchitektura i budownictwo
700 1 _aKołakowski, Jerzy
_eAutor
710 2 _aWydawnictwa Politechniki Białostockiej
_4pbl.
830 0 _aSkrypty - Politechnika Białostocka
856 _uhttp://koha.tu.koszalin.pl/cgi-bin/koha/opac-detail.pl?biblionumber=31517
_yKatalog online BPK
942 _2UKD
_cKS
999 _c31517
_d31517